| 000 | 00883nam a2200265 a 4500 | ||
|---|---|---|---|
| 001 | BRCA_4583 | ||
| 005 | 20190320204726.0 | ||
| 008 | 031114s2003####sp-#######---#000-0#spa-# | ||
| 020 | _a848833379X | ||
| 041 | _aspa | ||
| 044 | _asp | ||
| 050 | 4 |
_aPQ6433 _b.S54 2003 |
|
| 100 | 1 |
_aSierra, Pedro de la _911586 |
|
| 245 | 1 | 0 |
_aEspejo de príncipes y caballeros _b(segunda parte) _cPedro de la Sierra ; edición de José Julio Martín Romero. |
| 260 |
_aAlcalá de Henares [España] _bCentro de Estudios Cervantinos _c2003. |
||
| 300 |
_axxvi, 296 p. _c24 cm. |
||
| 440 | 0 |
_aLos libros de Rocinante _v15 _911587 |
|
| 500 | _aIncluye tabla de capítulos | ||
| 504 | _aBibliografía: p. xxvi | ||
| 600 | 1 | 4 |
_aOrtúñez de Calahorra, Diego _911588 |
| 650 | 1 | 4 |
_aLiteratura _zEspaña _911589 |
| 700 | 1 |
_aMartín Romero, José Julio _eEditor _911590 |
|
| 902 | _aCERV | ||
| 942 |
_2lcc _cB |
||
| 999 |
_c4288 _d4288 |
||